| 000 | 00524nam a2200205Ia 4500 | ||
|---|---|---|---|
| 003 | GCL | ||
| 008 | 140319s9999 xx 000 0 ara d | ||
| 040 |
_aGCL / _cGCL |
||
| 082 | 0 | 4 |
_aط _b813.02 _bا ط |
| 100 | 1 | _aاسامة الغزولى | |
| 245 | 1 | 0 |
_aالطيور البيضاء / _cاسامة الغزولى |
| 700 | 1 | _aعمار سلمان | |
| 300 | _a22 ص | ||
| 490 | _a | ||
| 650 | 0 | 4 | _aالاطفال |
| 650 | 0 | 4 | _aالادب |
| 650 | 0 | 4 | _aقصص الاطفال |
| 650 | 0 | 4 | _aالقصة |
| 942 |
_2ddc _cBK |
||
| 999 |
_c40652 _d40652 |
||